[Event "Internet Section 06B g/8'+2\""]
[Site "Dos Hermanas"]
[Date "2004.03.06"]
[Round "6"]
[White "Hrosevitha, Erica H"]
[Black "Freile Martin, Javier"]
[Result "0-1"]
[WhiteElo "2533"]
[BlackElo "2341"]
[PlyCount "126"]
[EventDate "2004.03.06"]
[EventType "swiss (blitz)"]
[EventRounds "9"]
[EventCountry "ESP"]
[SourceTitle "CBM 099 Extra"]
[Source "ChessBase"]
[SourceDate "2004.05.04"]
[SourceVersion "1"]
[SourceVersionDate "2004.05.04"]
[SourceQuality "1"]

1. d4 Nf6 2. Nc3 c5 3. d5 d6 4. e4 e5 5. dxe6 Bxe6 6. f4 Nc6 7. Nf3 Be7 8. Be2 0-0 9. f5 Bd7 10. 0-0 a6 11. a4 Nb4 12. Bf4 Bc6 13. Nd2 Ne8 14. Bf3 Bg5 15. Bxg5 Qxg5 16. Nc4 Rd8 17. Rf2 Nf6 18. Rd2 b5 19. axb5 axb5 20. Nxd6 Qe3+ 21. Kh1 Rd7 22. Qe1 Qf4 23. Ne2 Qe5 24. c3 Rxd6 25. Rxd6 Nc2 26. Qd1 Bxe4 27. Rd8 Nxa1 28. Bxe4 Nxe4 29. Rxf8+ Kxf8 30. Qxa1 Nf2+ 31. Kg1 Qxe2 32. Qa8+ Ke7 33. Qa7+ Kf6 34. Qb6+ Kg5 35. h3 Ne4 36. Qc6 Qf2+ 37. Kh2 Qg3+ 38. Kg1 Qd3 39. Kh2 h5 40. Qc7 Qd6+ 41. Qxd6 Nxd6 42. Kg3 Kxf5 43. Kh4 g6 44. Kg3 g5 45. Kf3 h4 46. b3 c4 47. bxc4 Nxc4 48. Kf2 Kf4 49. Ke2 Ke4 50. Kf2 f5 51. Ke2 g4 52. Kf2 g3+ 53. Ke2 f4 54. Kf1 Kd3 55. Ke1 Ne5 56. Kf1 Kxc3 57. Ke1 Kc2 58. Ke2 b4 59. Kf1 b3 60. Ke1 b2 61. Ke2 Kc1 62. Kf1 b1Q 63. Kg1 Kd2# 0-1

[Event "Internet Section 06B g/8'+2\""]
[Site "Dos Hermanas"]
[Date "2004.03.06"]
[Round "1"]
[White "Legvold, Douglas Eric"]
[Black "Hrosevitha, Erica H"]
[Result "0-1"]
[WhiteElo "1873"]
[BlackElo "2594"]
[PlyCount "24"]
[EventDate "2004.03.06"]
[EventType "swiss (blitz)"]
[EventRounds "9"]
[EventCountry "ESP"]
[SourceTitle "CBM 099 Extra"]
[Source "ChessBase"]
[SourceDate "2004.05.04"]
[SourceVersion "1"]
[SourceVersionDate "2004.05.04"]
[SourceQuality "1"]

1. e4 Nf6 2. e5 Nd5 3. d4 d6 4. c4 Nb6 5. exd6 exd6 6. Nc3 Nc6 7. Be3 Be7 8. Nf3 Bg4 9. h3 Bh5 10. Qd2 Qd7 11. g4 Bg6 12. a3 Na5 0-1